000 00544nam a22001817a 4500
005 20251108172003.0
008 250721s1990 xx 000 0 ara d
082 1 4 _a956.3/صول
100 1 _aالصولي، أبو بكر
245 1 0 _aقطعة نادرة من كتاب الأوراق /
264 1 _aبغداد :
_bدار الشؤون الثقافية العامة،
_c1990.
300 _a69ص
650 1 7 _aالعراق
650 1 7 _aالتاريخ
700 1 _aناجي، هلال
_eتحقيق
942 _2ddc
_cBK
999 _c67622
_d67622